书目信息 |
| 题名: |
Java语言编程基础
|
|
| 作者: | 武马群 , 赵丽艳 主编 | |
| 分册: | ||
| 出版信息: | 北京 电子工业出版社 2004.01 |
|
| 页数: | 204页 | |
| 开本: | 26cm | |
| 丛书名: | 高等职业教育电子信息类贯通制教材 | |
| 单 册: | ||
| 中图分类: | TP312JA | |
| 科图分类: | ||
| 主题词: | Java语言--程序设计--高等学校--技术学校--教材 | |
| 电子资源: | ||
| ISBN: | 7-5053-9378-2 | |
| 000 | 01319nam 2200265 450 | |
| 001 | 0140622156 | |
| 005 | 20050919091445.56 | |
| 010 | @a7-5053-9378-2@dCNY18.00 | |
| 100 | @a20040622d2004 km y0chiy0120 ea | |
| 101 | 0 | @achi |
| 102 | @aCN@b110000 | |
| 105 | @aa z 000yy | |
| 200 | 1 | @aJava语言编程基础@AJava Yu Yan Bian Cheng Ji Chu@f武马群, 赵丽艳主编@Fwu ma qun,zhao li yan zhu bian |
| 210 | @a北京@c电子工业出版社@d2004.01 | |
| 215 | @a204页@c图@d26cm | |
| 225 | 2 | @a高等职业教育电子信息类贯通制教材@i计算机技术专业 |
| 330 | @a本书主要阐述了Java语言的基本原理和使用方法。全书共分11章,其中第1章Java语言概述,全面介绍了Java语言的基本情况,引导读者初步认识Java语言。第2章到第4章介绍Java语言的基础知识,这是必须要掌握的基本内容。第5章对象、类和方法,介绍Java语言面向对象的程序设计。第6章Java语言中的接口、包和异常,学完本章后读者会感觉到这些抽象的概念并不是难以理解的。第7章Java语言的输入输出,第8章Java图形用户界面,第9章多线程,第10章多媒体编程,第11章网络编程是Java语言高级编程的内容。 | |
| 410 | 0 | @12001 @a高等职业教育电子信息类贯通制教材 |
| 410 | 0 | @12001 @a计算机技术专业 |
| 606 | 0 | @aJava语言@x程序设计@x高等学校@x技术学校@x教材 |
| 690 | @aTP312JA@v4 | |
| 701 | 0 | @a武马群@Awu ma qun@4主编 |
| 701 | 0 | @a赵丽艳@Azhao li yan@4主编 |
| 801 | 0 | @aCN@bQSSK@c20050919 |
| 905 | @a10447@dTP312JA@eW984 | |
| Java语言编程基础/武马群, 赵丽艳主编.-北京:电子工业出版社,2004.01 |
| 204页:图;26cm.-(高等职业教育电子信息类贯通制教材.计算机技术专业) |
| ISBN 7-5053-9378-2:CNY18.00 |
| 本书主要阐述了Java语言的基本原理和使用方法。全书共分11章,其中第1章Java语言概述,全面介绍了Java语言的基本情况,引导读者初步认识Java语言。第2章到第4章介绍Java语言的基础知识,这是必须要掌握的基本内容。第5章对象、类和方法,介绍Java语言面向对象的程序设计。第6章Java语言中的接口、包和异常,学完本章后读者会感觉到这些抽象的概念并不是难以理解的。第7章Java语言的输入输出,第8章Java图形用户界面,第9章多线程,第10章多媒体编程,第11章网络编程是Java语言高级编程的内容。 |
| ● |
| 相关链接 |
|
|
|
正题名:Java语言编程基础
索取号:TP312JA/W984
 
预约/预借
| 序号 | 登录号 | 条形码 | 馆藏地/架位号 | 状态 | 备注 |
| 1 | 523200 | 205232005 | 自科二线404/301自科库 79排2列4层/ [索取号:TP312JA/W984] | 在馆 | |
| 2 | 523201 | 205232014 | 自科库301/301自科库 85排1列3层/ [索取号:TP312JA/W984] | 在馆 | |
| 3 | 523202 | 205232023 | 自科库301/301自科库 85排1列3层/ [索取号:TP312JA/W984] | 在馆 |